[Event "AUTO-INT-3863"]
[Site "http://www.queenalice.com/game.php?id=1842314"]
[Date "2024.8.23"]
[Round "2"]
[White "RaulSoft2"]
[Black "NickThorp"]
[Result "1-0"]
[WhiteElo "2529"]
[BlackElo "1603"]

1. d4 d5 2. c4 dxc4 3. Qa4+ Bd7 4. Qxc4 e6 5. Nf3 Be7 6. e4 Nf6 7. Nc3 O-O 8.
Be2 Bc6 9. Qd3 Bb4 10. e5 Nd5 11. Ng5 g6 12. Qh3 h5 13. Bxh5 Kg7 14. Bxg6 fxg6
15. Qh7# 1-0

[Event "AUTO-INT-3863"]
[Site "http://www.queenalice.com/game.php?id=1842315"]
[Date "2024.8.23"]
[Round "2"]
[White "NickThorp"]
[Black "bdpq"]
[Result "0-1"]
[WhiteElo "1537"]
[BlackElo "1607"]

1. e4 d5 2. e5 Be6 3. Nf3 Qd7 4. Nc3 Nc6 5. Bb5 a6 6. Ba4 b5 7. Bb3 d4 8. Bxe6
Qxe6 9. Ne4 Nxe5 10. Nxe5 Qxe5 11. d3 g6 12. O-O e6 13. Qf3 f5 14. Ng5 Ra7 15.
Qc6+ Ke7 16. a3 Qd6 17. Qxd6+ cxd6 18. Bf4 Bh6 19. Rfe1 e5 20. Bd2 Nf6 21. a4
bxa4 22. Rxa4 Kd7 23. Rea1 Rha8 24. Nf3 Bxd2 25. Nxd2 Nd5 26. h3 a5 27. Nc4 Ke6
28. g4 fxg4 29. hxg4 Nb4 30. c3 dxc3 31. bxc3 Nxd3 32. Kg2 Nc5 33. R4a3 Rf8 34.
f3 Kd5 35. Nxa5 Raf7 36. c4+ Ke6 37. Nc6 Kd7 38. Nb4 Ke6 39. Nd5 Rb8 40. Kg3 Rb2
41. R1a2 Rb1 42. Nc3 Rf1 43. Ne4 Nxe4+ 44. fxe4 Re1 45. Rf3 Rxe4 46. Rxf7 Kxf7
47. Ra7+ Ke6 48. Rxh7 Rxc4 49. Rh6 Kf6 50. Kh4 e4 51. Kg3 e3 52. Kf3 Rc3 53. Ke2
d5 54. Rh3 d4 55. Rf3+ Kg5 56. Rg3 Kf4 57. Rg2 Rc2+ 58. Kf1 Rxg2 59. Kxg2 Kxg4
60. Kf1 Kf3 61. Ke1 d3 62. Kd1 d2 0-1

[Event "AUTO-INT-3863"]
[Site "http://www.queenalice.com/game.php?id=1842316"]
[Date "2024.8.23"]
[Round "2"]
[White "bdpq"]
[Black "NickThorp"]
[Result "1-0"]
[WhiteElo "1673"]
[BlackElo "1600"]

1. e4 e5 2. d4 Bb4+ 3. Bd2 Bxd2+ 4. Qxd2 d6 5. Nc3 Nc6 6. d5 Nd4 7. O-O-O Nf6 8.
Nge2 Nxe2+ 9. Bxe2 O-O 10. f3 a6 11. f4 exf4 12. Qxf4 h6 13. Bd3 Bg4 14. Rde1
Qd7 15. e5 dxe5 16. Qxe5 Rfe8 17. Qg3 Rxe1+ 18. Rxe1 Re8 19. b3 Rxe1+ 20. Qxe1
Nxd5 21. Nxd5 Qxd5 22. Qe8# 1-0

[Event "AUTO-OPEN-4544"]
[Site "http://www.queenalice.com/game.php?id=1842350"]
[Date "2024.8.24"]
[Round "1"]
[White "cerenzo72"]
[Black "NickThorp"]
[Result "1-0"]
[WhiteElo "2151"]
[BlackElo "1587"]

1. b3 e5 2. Bb2 Nc6 3. e3 Bb4 4. Bb5 a6 5. Bxc6 dxc6 6. Bxe5 Bf5 7. Bxg7 Qg5 8.
Bxh8 f6 9. Nf3 Qg4 10. O-O O-O-O 11. Nd4 Be4 12. Qxg4+ Kb8 13. Qxe4 Rd7 14. Qe8+
1-0

[Event "AUTO-OPEN-4544"]
[Site "http://www.queenalice.com/game.php?id=1842351"]
[Date "2024.8.24"]
[Round "1"]
[White "NickThorp"]
[Black "cerenzo72"]
[Result "1-0"]
[WhiteElo "1573"]
[BlackElo "2125"]

1. e4 e5 2. Nf3 d6 3. Bb5+ c6 4. Ba4 Nf6 5. d3 Bg4 6. h3 Be6 7. Bg5 Nbd7 8. O-O
Nc5 9. Nc3 Be7 10. Qd2 O-O 11. d4 Nxa4 12. Nxa4 Qd7 13. dxe5 Nxe4 14. Qe3 Nxg5
15. Nxg5 dxe5 16. Qxe5 Bf6 17. Qf4 Bd5 18. Rad1 b6 19. Nc3 Qb7 20. Nxd5 cxd5 21.
Qf5 Bxg5 22. Qxg5 Rad8 23. Rfe1 f6 24. Qh5 d4 25. Rd3 Rfe8 26. Rxe8+ 1-0

[Event "AUTO-OPEN-4544"]
[Site "http://www.queenalice.com/game.php?id=1842374"]
[Date "2024.8.24"]
[Round "1"]
[White "game"]
[Black "NickThorp"]
[Result "0-1"]
[WhiteElo "1608"]
[BlackElo "1549"]

1. e4 e5 2. Nf3 Nc6 3. d4 exd4 4. Nxd4 Nxd4 5. Qxd4 d6 6. Nd2 Nf6 7. Nc4 c5 8.
Qc3 Nxe4 9. Qe3 d5 10. Ne5 Be6 11. Bd3 Qa5+ 12. c3 c4 13. b4 Qb5 14. a4 Qb6 15.
Qf4 Bd6 16. a5 Qb5 17. Bc2 O-O 18. Ba4 Qa6 19. Ba3 Nxc3 20. Bb2 Nxa4 21. Rxa4 b5
22. Ra3 Bxb4+ 23. Rc3 Bxc3+ 24. Bxc3 Rad8 25. Bb4 d4 26. Bxf8 Rxf8 27. Qxd4
Qxa5+ 28. Ke2 c3 29. Nd3 Bc4 30. Rc1 Rd8 31. Qxc3 Qxc3 32. Rxc3 Bxd3+ 33. Rxd3
Rxd3 34. Kxd3 f5 35. Kc3 Kf7 36. f4 Ke6 37. Kb4 a6 38. Ka5 Kd5 39. Kxa6 b4 40.
h4 b3 41. Kb6 b2 42. Kc7 b1=Q 43. Kd7 Qe4 44. g3 Qf3 45. Ke7 Qxg3 46. h5 Qxf4
47. Kf7 Qh6 48. Kg8 Qxh5 49. Kxg7 Qg6+ 50. Kh8 Qe8+ 51. Kxh7 f4 0-1

[Event "AUTO-OPEN-4544"]
[Site "http://www.queenalice.com/game.php?id=1842375"]
[Date "2024.8.24"]
[Round "1"]
[White "NickThorp"]
[Black "game"]
[Result "1-0"]
[WhiteElo "1604"]
[BlackElo "1567"]

1. e4 d6 2. d4 Nc6 3. d5 Ne5 4. Nc3 Nf6 5. Bb5+ Bd7 6. Bxd7+ Qxd7 7. Bg5 O-O-O
8. Nf3 Nfg4 9. Nxe5 Nxe5 10. O-O h6 11. Bh4 h5 12. Qd4 Qg4 13. Bg3 h4 14. Bxe5
dxe5 15. Qxa7 h3 16. g3 Qf3 17. Qa8+ Kd7 18. Qa4+ Kd6 19. Nb5+ Kc5 20. b4+ Kc4
21. Qb3+ Qxb3 22. axb3+ Kxb5 23. Ra4 e6 24. Rd1 Bxb4 25. f4 exf4 26. gxf4 Rh4
27. Rf1 exd5 28. e5 d4 29. Rf3 Rg4+ 30. Kf2 Bc5 31. c4+ Kc6 32. Ke2 Rg2+ 33. Kd3
Rb2 34. Ke4 Rxh2 35. Ra1 g6 36. Rb1 Re2+ 37. Kd3 Re3+ 38. Rxe3 Bb4 39. Rxh3 Bc3
40. Rh7 b5 41. Rxf7 Kc5 42. Rxc7+ Kb4 43. e6 Re8 44. e7 Ka3 45. Ra7+ Kb4 46. Ke4
Kc5 47. Ke5 d3+ 48. Ke6 bxc4 49. bxc4 Kxc4 50. Rd7 Bd2 51. Rd8 Rxe7+ 52. Kxe7
Bxf4 53. Rd1 Bg5+ 54. Kd7 Bxd8 55. Kxd8 Kc3 56. Ke7 g5 57. Kf6 g4 58. Kf5 g3 59.
Kf4 g2 60. Ke3 d2 61. Ke2 Kc2 62. Rg1 d1=Q+ 63. Rxd1 g1=N+ 64. Rxg1 Kc3 65. Rd1
Kc2 66. Rd3 Kc1 67. Rd2 Kb1 68. Kd3 Kc1 69. Rh2 Kd1 70. Rh1# 1-0

[Event "AUTO-OPEN-4544"]
[Site "http://www.queenalice.com/game.php?id=1842390"]
[Date "2024.8.24"]
[Round "1"]
[White "NickThorp"]
[Black "Carlos19"]
[Result "0-1"]
[WhiteElo "1566"]
[BlackElo "1531"]

1. e4 e5 2. Nf3 Nc6 3. Bb5 Bd6 4. d3 a6 5. Ba4 b5 6. Bb3 h6 7. Nc3 Nf6 8. O-O
O-O 9. Nd5 Nd4 10. Nxd4 exd4 11. Nxf6+ Qxf6 12. Qe2 Be5 13. a4 b4 14. Bd2 a5 15.
Bd5 c6 16. Bc4 Qg6 17. b3 d6 18. h3 Bxh3 19. Qf3 Bg4 20. Qxg4 Qxg4 21. f3 Qh4
22. Rf2 Qh2+ 23. Kf1 Qh1+ 24. Ke2 Qxa1 25. Rf1 Qb2 26. Rc1 g5 27. g4 Bf4 28.
Bxf4 gxf4 29. Kd2 Rad8 30. Rh1 Kg7 31. Re1 Rh8 32. Rh1 Kf6 33. Rc1 h5 34. gxh5
Rxh5 35. Re1 Rh2+ 36. Re2 Qc3+ 37. Kd1 Rh1+ 0-1

[Event "AUTO-OPEN-4544"]
[Site "http://www.queenalice.com/game.php?id=1842391"]
[Date "2024.8.24"]
[Round "1"]
[White "Carlos19"]
[Black "NickThorp"]
[Result "0-1"]
[WhiteElo "1568"]
[BlackElo "1602"]

1. e4 e5 2. Nf3 Nc6 3. Bc4 Bc5 4. a3 Qf6 5. b4 Bd4 6. c3 Bb6 7. b5 Na5 8. Be2 d6
9. O-O Bg4 10. h3 Bh5 11. g4 Bg6 12. d3 O-O-O 13. c4 Ne7 14. Bg5 Qe6 15. Nh4 h6
16. Nxg6 fxg6 17. a4 hxg5 18. Kg2 Bd4 19. Ra3 Rhf8 20. f3 a6 21. Qd2 b6 22. bxa6
Kb8 23. Nc3 Nec6 24. Qxg5 Nb4 25. Nb5 c6 26. Nxd4 Qf7 27. Qd2 c5 28. Nb3 Nxb3
29. Rxb3 Ka7 30. h4 Rh8 31. Rh1 Kxa6 32. Ra3 Ka5 33. Qg5 Nc2 34. Ra2 Nd4 35. Qe3
Nxe2 36. Qxe2 Rdf8 37. h5 gxh5 38. g5 g6 39. Rf1 h4 40. Kh3 Qd7+ 41. Kh2 h3 42.
Qd2+ Ka6 43. Qg2 hxg2+ 44. Kxg2 Qh3+ 45. Kf2 Qxf3+ 0-1

[Event "AUTO-INT-3890"]
[Site "http://www.queenalice.com/game.php?id=1842524"]
[Date "2024.8.27"]
[Round "1"]
[White "Castling"]
[Black "NickThorp"]
[Result "0-1"]
[WhiteElo "1604"]
[BlackElo "1589"]

1. e4 e5 2. Bc4 Bc5 3. Nf3 Nc6 4. a3 d6 5. h3 Qf6 6. Nc3 Nge7 7. d3 h6 8. Qe2
Be6 9. Bxe6 Qxe6 10. Be3 Bxe3 11. Qxe3 O-O-O 12. O-O f6 13. Nd2 Nd4 14. Rfc1 g5
15. Nf3 Nxf3+ 16. Qxf3 h5 17. Nb5 a6 18. Nc3 g4 19. Qg3 gxh3 20. Qxh3 f5 21. b4
Qg6 22. Ne2 Kb8 23. Ng3 fxe4 24. Nxe4 Rhg8 25. c4 Nf5 26. Ng3 Nxg3 27. Qxg3 Qe6
28. Qh4 Qg6 29. g3 Qxd3 30. Kh2 Qf3 31. Rf1 Rdf8 32. Ra2 e4 33. Qh3 Qd3 34. Rc1
e3 35. f4 e2 36. Qxh5 Qxg3+ 0-1

[Event "AUTO-INT-3890"]
[Site "http://www.queenalice.com/game.php?id=1842525"]
[Date "2024.8.27"]
[Round "1"]
[White "NickThorp"]
[Black "Castling"]
[Result "0-1"]
[WhiteElo "1565"]
[BlackElo "1614"]

1. e4 e5 2. Nf3 d6 3. Bb5+ Bd7 4. Bxd7+ Nxd7 5. O-O h6 6. d3 Ngf6 7. Nc3 a6 8.
Be3 Ng4 9. Nd5 Nxe3 10. Nxe3 Be7 11. Nd5 O-O 12. Nxe7+ Qxe7 13. a3 Nf6 14. Qd2
c5 15. b4 b6 16. bxc5 dxc5 17. Rab1 b5 18. Qa5 Rfd8 19. c4 bxc4 20. dxc4 Nxe4
21. Rfe1 f5 22. h3 g5 23. g4 Nd6 24. Nxe5 fxg4 25. Nxg4 Nxc4 26. Qc3 Qf8 27.
Qxc4+ Kg7 28. Qxc5 Qxc5 29. Rb7+ Kh8 30. Rbe7 Qxa3 31. Nxh6 Qxh3 32. Nf7+ Kg8
33. Nxd8 Rxd8 34. R1e3 Rd1+ 35. Re1 Rxe1+ 36. Rxe1 g4 37. Re3 a5 38. Rxh3 gxh3
39. Kh2 a4 40. Kxh3 a3 0-1

[Event "AUTO-INT-3890"]
[Site "http://www.queenalice.com/game.php?id=1842550"]
[Date "2024.8.27"]
[Round "1"]
[White "Ruusgugg"]
[Black "NickThorp"]
[Result "0-1"]
[WhiteElo "1289"]
[BlackElo "1580"]

1. e4 e5 2. d3 Bb4+ 3. c3 Ba5 4. b4 Bb6 5. Qg4 g6 6. Qf3 d6 7. a4 a6 8. a5 Ba7
9. d4 exd4 10. c4 Nd7 11. Ne2 Ne5 12. Qb3 Be6 13. Na3 c5 14. f4 Nc6 15. bxc5
dxc5 16. Qxb7 Nxa5 17. Qxa6 Bb6 18. Qb5+ Bd7 19. Qb2 Nf6 20. Nb5 O-O 21. e5 Nxc4
22. Qb1 Rxa1 23. Qxa1 Bxb5 24. exf6 Qxf6 25. Ng3 Re8+ 26. Ne2 Ne3 27. Qb1 Ba5+
28. Bd2 Bxd2+ 29. Kxd2 Bxe2 30. Bxe2 Nxg2 31. Qb3 Nxf4 32. Bd1 Qe5 33. Bf3 Kg7
34. Re1 Qb8 35. Qa3 Rxe1 36. Kxe1 Qb4+ 37. Qxb4 cxb4 38. Bd1 Nd3+ 39. Kd2 Nf2
40. Bc2 h5 41. Ke1 Ng4 42. Ke2 Ne3 43. Bb3 f5 44. Kd3 f4 45. Kxd4 g5 46. Be6 Kf6
47. Bb3 Kf5 48. Kc5 f3 49. Bd1 f2 50. Be2 b3 51. Bd3+ Kf4 52. Kb4 b2 53. Kb3
b1=Q+ 54. Bxb1 f1=Q 0-1

[Event "AUTO-INT-3890"]
[Site "http://www.queenalice.com/game.php?id=1842551"]
[Date "2024.8.27"]
[Round "1"]
[White "NickThorp"]
[Black "Ruusgugg"]
[Result "1-0"]
[WhiteElo "1598"]
[BlackElo "1259"]

1. e4 c5 2. Nf3 Nc6 3. Bb5 a6 4. Bxc6 dxc6 5. d3 f5 6. exf5 Bxf5 7. Bf4 h6 8.
O-O g5 9. Be5 Nf6 10. Nc3 Nd5 11. Bxh8 Nf4 12. Be5 g4 13. Bxf4 gxf3 14. Qxf3 b5
15. Ne4 Qd4 16. c3 Qg7 17. Qh5+ Kd8 18. Qxf5 e6 19. Qxe6 Ra7 20. Be5 Qg4 21.
Qxg4 Re7 22. Bf6 1-0

[Event "AUTO-OPEN-4548"]
[Site "http://www.queenalice.com/game.php?id=1843597"]
[Date "2024.9.13"]
[Round "1"]
[White "game"]
[Black "NickThorp"]
[Result "0-1"]
[WhiteElo "1562"]
[BlackElo "1584"]

1. e4 e5 2. Nf3 Nc6 3. Bc4 Bc5 4. d4 exd4 5. O-O d6 6. Ng5 Be6 7. Qf3 Bxc4 8.
Re1 Nf6 9. Na3 Qe7 10. Nxc4 h6 11. Nh3 O-O-O 12. Nf4 g5 13. Nh5 Nxh5 14. Qxh5
Qf6 15. Bd2 Ne5 16. Qe2 d3 17. cxd3 Nxc4 18. Bc3 Bd4 19. Rf1 Bxc3 20. bxc3 Nb6
21. f4 gxf4 22. Qd1 Qxc3 23. Rxf4 Qd4+ 24. Kh1 Rh7 25. Qg4+ Kb8 26. Raf1 Qxd3
27. Qh5 Rf8 28. h3 Nc4 29. Rxf7 Rhxf7 30. Qd1 Qg3 31. Rf3 Rxf3 32. gxf3 Qxh3+
33. Kg1 Rxf3 34. e5 Qg3+ 35. Kh1 Ne3 36. Qg1 Qh3+ 37. Qh2 Rf1# 0-1

[Event "AUTO-OPEN-4548"]
[Site "http://www.queenalice.com/game.php?id=1843598"]
[Date "2024.9.13"]
[Round "1"]
[White "NickThorp"]
[Black "game"]
[Result "1-0"]
[WhiteElo "1536"]
[BlackElo "1564"]

1. e4 e5 2. Nf3 d6 3. Bb5+ Nc6 4. d3 f5 5. Bg5 Nf6 6. Nc3 f4 7. Nd5 h6 8. Bxf6
gxf6 9. h3 Be6 10. Qd2 Qd7 11. Nxf6+ Kd8 12. Nxd7 Kxd7 13. O-O d5 14. Nxe5+ Kd6
15. d4 Rd8 16. exd5 Bxd5 17. Qxf4 a6 18. Nf7+ Ke7 19. Nxh8 axb5 20. Qxc7+ Rd7
21. Ng6+ Ke8 22. Rfe1+ Be4 23. Rxe4+ Be7 24. Qf4 Kd8 25. Nxe7 Nxe7 26. Qf8+ Kc7
27. Rxe7 Rxe7 28. Qxe7+ Kc6 29. Qc5+ 1-0

[Event "AUTO-OPEN-4548"]
[Site "http://www.queenalice.com/game.php?id=1843625"]
[Date "2024.9.13"]
[Round "1"]
[White "NickThorp"]
[Black "Charles56"]
[Result "0-1"]
[WhiteElo "1569"]
[BlackElo "1721"]

1. e4 e5 2. Nf3 d6 3. Bb5+ Bd7 4. Bxd7+ Qxd7 5. O-O h6 6. d3 Be7 7. Nc3 Na6 8.
a3 c6 9. Be3 f6 10. h3 g5 11. d4 exd4 12. Bxd4 c5 13. Be3 Bd8 14. Nd5 Ne7 15.
Nxe7 Qxe7 16. Qd5 Bb6 17. c4 h5 18. Rad1 Bc7 19. Qxb7 Kf7 20. Qxa6 Qxe4 21. Qb7
Qxb7 22. b4 g4 23. hxg4 hxg4 24. Nd2 g3 25. f3 Rh7 26. Ne4 Rah8 27. Nxg3 Rg8 28.
Nf5 cxb4 29. axb4 Qxb4 30. c5 dxc5 31. Rd7+ Ke6 32. Rxh7 Bb6 33. Nh4 Qb3 34. Bf2
Qd3 35. Rh6 c4 36. Bxb6 axb6 37. Rh5 c3 38. g4 c2 39. Re1+ Kf7 40. Rh7+ Qxh7 0-1

[Event "AUTO-OPEN-4548"]
[Site "http://www.queenalice.com/game.php?id=1843626"]
[Date "2024.9.13"]
[Round "1"]
[White "Charles56"]
[Black "NickThorp"]
[Result "1-0"]
[WhiteElo "1712"]
[BlackElo "1614"]

1. d4 d5 2. Nc3 Nf6 3. h3 Bf5 4. Bg5 h6 5. Bh4 e6 6. Nf3 Bb4 7. Qd2 Nc6 8. a3
Ba5 9. g4 Be4 10. Bg2 O-O 11. Rg1 Qd6 12. Bxf6 gxf6 13. Qxh6 Bg6 14. Qd2 Kg7 15.
h4 Rh8 16. h5 Bh7 17. h6+ Kf8 18. Bh3 Be4 19. g5 fxg5 20. Nxg5 Bg6 21. b4 Bb6
22. h7 Ne7 23. Qe3 f6 24. Nxe6+ Kf7 25. Qh6 Bxd4 26. Nxd4 Rxh7 27. Qe3 Re8 28.
Ncb5 Qe5 29. Be6+ Kg7 30. Qxe5 fxe5 31. Nf3 c6 32. Nc3 e4 33. Ng5 Rh5 34. f4 Nf5
35. Bxf5 Kf6 36. Bxg6 Kxg6 37. Ngxe4+ Kf5 38. Nd6+ Kxf4 39. O-O-O Re3 40. Rdf1+
Ke5 41. Nxb7 Rxc3 42. Rf3 Rc4 43. Kd2 a6 44. Na5 Rf4 45. Nxc6+ Ke4 46. Re3+ Kf5
47. Kd3 Rhh4 48. Re5+ Kf6 49. Rxd5 Rh3+ 50. e3 Ke6 51. Re5+ Kd6 52. Rg6+ Kc7 53.
a4 Rff3 54. Re7+ 1-0

[Event "AUTO-OPEN-4548"]
[Site "http://www.queenalice.com/game.php?id=1843627"]
[Date "2024.9.13"]
[Round "1"]
[White "NickThorp"]
[Black "Sigmund"]
[Result "0-1"]
[WhiteElo "1590"]
[BlackElo "1822"]

1. e4 e5 2. Nf3 Nc6 3. Bb5 a6 4. Bc4 h6 5. d3 Nf6 6. Nc3 Bc5 7. O-O d6 8. a3 b5
9. Bb3 Bg4 10. h3 Bh5 11. Nd5 Nxd5 12. Bxd5 Qd7 13. b4 Bb6 14. Qe2 Nd4 15. Qd1
Bxf3 16. Qd2 Be2 17. Re1 c6 18. Ba2 Qe7 19. c3 Nf3+ 20. Kh1 Nxd2 21. Bxd2 Bxd3
22. Be3 Bxe3 23. Rxe3 Bc4 24. Bxc4 bxc4 25. a4 O-O 26. a5 f6 27. Rd1 Rfd8 28. f3
Qe6 29. Kh2 d5 30. exd5 cxd5 31. f4 Qf5 32. Rde1 Qxf4+ 33. Kh1 d4 34. cxd4 Rxd4
35. Rf3 Qh4 36. Ref1 Rd2 37. Kh2 Rad8 38. Kh1 Rd1 39. Kg1 c3 40. Rf2 Rxf1+ 41.
Rxf1 Rd2 42. Rc1 Qf2+ 0-1

[Event "AUTO-OPEN-4548"]
[Site "http://www.queenalice.com/game.php?id=1843628"]
[Date "2024.9.13"]
[Round "1"]
[White "Sigmund"]
[Black "NickThorp"]
[Result "1-0"]
[WhiteElo "1829"]
[BlackElo "1583"]

1. e4 e5 2. Bc4 Bc5 3. Nf3 Nc6 4. O-O d6 5. Nc3 Bg4 6. h3 Bh5 7. Be2 Qf6 8. Nd5
Qd8 9. c3 Nf6 10. Nxf6+ Qxf6 11. d3 O-O-O 12. Bg5 Qg6 13. Bxd8 Rxd8 14. a4 d5
15. Nxe5 Nxe5 16. Bxh5 Qf6 17. d4 Nd7 18. dxc5 Nxc5 19. exd5 Ne4 20. Bf3 Nd6 21.
a5 a6 22. Qd3 h6 23. b4 Nb5 24. c4 Nd6 25. c5 Nb5 26. Rfe1 c6 27. d6 Nd4 28.
Bg4+ Kb8 29. Rad1 Nb5 30. d7 Nc7 31. Qg3 g6 32. Rd3 h5 33. Bf3 h4 34. Qg4 Ne6
35. Red1 Kc7 36. g3 hxg3 37. Qxg3+ Nf4 38. Rd6 Qe5 39. Kf1 Nd5 40. Qxe5 f6 41.
Qe8 g5 42. Bxd5 Rxe8 43. dxe8=Q 1-0

[Event "AUTO-INT-3892"]
[Site "http://www.queenalice.com/game.php?id=1843693"]
[Date "2024.9.13"]
[Round "1"]
[White "Carlos19"]
[Black "NickThorp"]
[Result "1-0"]
[WhiteElo "1598"]
[BlackElo "1605"]

1. e4 e5 2. Nf3 Nc6 3. Bc4 Bc5 4. d3 Nf6 5. Nc3 d6 6. Ng5 Be6 7. Bxe6 fxe6 8.
Nxe6 Qd7 9. Nxc5 Qc8 10. Bg5 dxc5 11. Bxf6 gxf6 12. Nd5 Rf8 13. Qh5+ Kd7 14.
Qxh7+ Kd6 15. g3 Qd7 16. Qxd7+ Kxd7 17. O-O-O Kd6 18. h4 f5 19. Nc3 fxe4 20.
Nxe4+ Kd5 21. c4+ Kd4 22. h5 Rh8 23. f4 exf4 24. gxf4 Raf8 25. Rh4 Nb4 26. Nc3
Rf5 27. Ne2+ Ke3 28. Ng3 Nxd3+ 29. Kb1 Nxf4 30. Nxf5+ Ke4 31. Ng3+ Kf3 32. Rg1
a5 33. h6 Ng6 34. Rh5 Nf4 35. Rh4 Ng6 36. Rh5 Kg4 37. Rxc5 Kf3 38. Rxa5 Rxh6 39.
Rg5 Ne7 40. Nf1 Kf2 41. R5g2+ Kf3 42. Nd2+ Ke3 43. Kc2 c5 44. Nb3 b6 45. Rg3+
Kf2 46. Rg7 Nc8 47. R7g6 Rh5 48. Nd2 Rh4 49. R1g2+ Ke3 50. Rf6 Rd4 51. Nf1+ Ke4
52. Re2# 1-0

[Event "AUTO-INT-3892"]
[Site "http://www.queenalice.com/game.php?id=1843694"]
[Date "2024.9.13"]
[Round "1"]
[White "NickThorp"]
[Black "Carlos19"]
[Result "0-1"]
[WhiteElo "1577"]
[BlackElo "1669"]

1. e4 e5 2. Nf3 Nc6 3. Bb5 Bd6 4. O-O a6 5. Bc4 h6 6. d3 b5 7. Bd5 Nf6 8. Nc3 b4
9. Na4 Nxd5 10. exd5 Ne7 11. a3 Nxd5 12. c4 Nf4 13. Bxf4 exf4 14. axb4 Bxb4 15.
b3 O-O 16. Re1 Bxe1 17. Qxe1 Re8 18. Qd2 g5 19. Nc5 d5 20. h3 g4 21. hxg4 Bxg4
22. Qxf4 Bxf3 23. Qxf3 c6 24. b4 dxc4 25. dxc4 Qc8 26. Kh2 Re5 27. Nd3 Rg5 28.
Nc5 Qc7+ 29. g3 a5 30. Ne4 Rg6 31. Nf6+ Kg7 32. Nh5+ Kf8 33. bxa5 Rxa5 34. Rxa5
Qxa5 35. Nf4 Rf6 36. Qe4 h5 37. Nxh5 Qxh5+ 38. Kg2 Qf5 39. Qe3 Qc2 40. Qc5+ Kg7
41. Qg5+ Rg6 42. Qe5+ Kh6 43. Qh8+ Kg5 44. Qh4+ Kf5 45. Qf4+ Ke6 46. Qe3+ Kd6
47. Qf4+ Kc5 48. Qxf7 Qe4+ 49. Kg1 Rd6 50. Kh2 Qxc4 51. Qa7+ Kd5 52. Qf7+ Re6
53. Qd7+ Kc5 54. Qa7+ Kb4 55. Qb7+ Kc3 56. Qg7+ Qd4 57. Qg5 Qxf2+ 58. Kh3 Qf1+
59. Kg4 Re4+ 60. Kh5 Qf7+ 61. Kh6 Re6+ 0-1

[Event "AUTO-INT-3892"]
[Site "http://www.queenalice.com/game.php?id=1843713"]
[Date "2024.9.13"]
[Round "1"]
[White "NickThorp"]
[Black "fbenevides2019"]
[Result "0-1"]
[WhiteElo "1601"]
[BlackElo "1695"]

1. e4 e6 2. d4 d5 3. e5 Nc6 4. Nf3 Bb4+ 5. Bd2 Be7 6. Nc3 a6 7. Bd3 Nb4 8. O-O
Nxd3 9. cxd3 b5 10. a3 c6 11. b4 h6 12. a4 bxa4 13. Rxa4 Qb6 14. Qb3 Bd8 15.
Rfa1 Ne7 16. b5 O-O 17. Ra5 Qa7 18. bxa6 Bxa5 19. Rxa5 Bxa6 20. h3 Qc7 21. Ne1
Qxa5 22. Nc2 Bxd3 23. Ne1 Bg6 24. Kh2 Qd8 25. Nf3 Rc8 26. Nh4 Bh7 27. f4 Kh8 28.
Nf3 Nf5 29. g4 Nh4 30. Nxh4 Qxh4 31. Ne2 Qf2+ 32. Kh1 Be4+ 0-1

[Event "AUTO-INT-3892"]
[Site "http://www.queenalice.com/game.php?id=1843714"]
[Date "2024.9.13"]
[Round "1"]
[White "fbenevides2019"]
[Black "NickThorp"]
[Result "1-0"]
[WhiteElo "1810"]
[BlackElo "1623"]

1. d4 d5 2. e3 Nf6 3. h3 Bf5 4. Nc3 e6 5. g4 Be4 6. Nxe4 Nxe4 7. Bg2 Bb4+ 8. Kf1
Qd6 9. Bxe4 dxe4 10. a3 Ba5 11. b4 Bb6 12. c4 c5 13. bxc5 Bxc5 14. Qa4+ Nc6 15.
dxc5 Qxc5 16. Qc2 Rd8 17. Bb2 O-O 18. Ne2 h6 19. Nd4 Nxd4 20. exd4 Qg5 21. Qxe4
b6 22. a4 a5 23. h4 Qe7 24. Ba3 Qd7 25. Bxf8 Kxf8 26. f3 Qd6 27. Kf2 Qb4 28.
Rhc1 Qb2+ 29. Kg3 Rxd4 30. Qb1 Qxb1 31. Raxb1 Ke7 32. Rxb6 e5 33. Rb5 e4 34.
Re5+ Kd6 35. Rxe4 Rd3 36. Rf4 f6 37. c5+ Kc6 38. h5 Rd5 39. Rf5 Rxf5 40. gxf5
Kc7 41. Kf4 Kc6 42. Ke4 Kc7 43. Rb1 Kc6 44. Kd4 Kc7 45. Rb5 Kc6 46. Rxa5 Kb7 47.
Kd5 Kb8 48. Kd6 Kc8 49. c6 Kd8 50. Ra8# 1-0